Vainqueurs de la Liga Portugal - Statistiques

Statistiques générales
  • Ce quiz a été pris 1 081 fois
    448 depuis la dernière actualisation
  • Le résultat moyen est 89 sur 91
Statistiques - réponses
Saison Vainqueur % Correct
1934-1935 FC Porto
100%
1938-1939 FC Porto
100%
1939-1940 FC Porto
100%
1955-1956 FC Porto
100%
1958-1959 FC Porto
100%
1977-1978 FC Porto
100%
1978-1979 FC Porto
100%
1984-1985 FC Porto
100%
1985-1986 FC Porto
100%
1987-1988 FC Porto
100%
1989-1990 FC Porto
100%
1991-1992 FC Porto
100%
1992-1993 FC Porto
100%
1994-1995 FC Porto
100%
1995-1996 FC Porto
100%
1996-1997 FC Porto
100%
1997-1998 FC Porto
100%
1998-1999 FC Porto
100%
2002-2003 FC Porto
100%
2003-2004 FC Porto
100%
2005-2006 FC Porto
100%
2006-2007 FC Porto
100%
2007-2008 FC Porto
100%
2008-2009 FC Porto
100%
2010-2011 FC Porto
100%
2011-2012 FC Porto
100%
2012-2013 FC Porto
100%
2017-2018 FC Porto
100%
2019-2020 FC Porto
100%
2021-2022 FC Porto
100%
1935-1936 SL Benfica
99%
1936-1937 SL Benfica
99%
1937-1938 SL Benfica
99%
1941-1942 SL Benfica
99%
1942-1943 SL Benfica
99%
1944-1945 SL Benfica
99%
1949-1950 SL Benfica
99%
1954-1955 SL Benfica
99%
1956-1957 SL Benfica
99%
1959-1960 SL Benfica
99%
1960-1961 SL Benfica
99%
1962-1963 SL Benfica
99%
1963-1964 SL Benfica
99%
1964-1965 SL Benfica
99%
1966-1967 SL Benfica
99%
1967-1968 SL Benfica
99%
1968-1969 SL Benfica
99%
1970-1971 SL Benfica
99%
1971-1972 SL Benfica
99%
1972-1973 SL Benfica
99%
1974-1975 SL Benfica
99%
1975-1976 SL Benfica
99%
1976-1977 SL Benfica
99%
1980-1981 SL Benfica
99%
1982-1983 SL Benfica
99%
1983-1984 SL Benfica
99%
1986-1987 SL Benfica
99%
1988-1989 SL Benfica
99%
1990-1991 SL Benfica
99%
1993-1994 SL Benfica
99%
2004-2005 SL Benfica
99%
2009-2010 SL Benfica
99%
2013-2014 SL Benfica
99%
2014-2015 SL Benfica
99%
2015-2016 SL Benfica
99%
2016-2017 SL Benfica
99%
2018-2019 SL Benfica
99%
2022-2023 SL Benfica
99%
1940-1941 Sporting CP
98%
1943-1944 Sporting CP
98%
1946-1947 Sporting CP
98%
1947-1948 Sporting CP
98%
1948-1949 Sporting CP
98%
1950-1951 Sporting CP
98%
1951-1952 Sporting CP
98%
1952-1953 Sporting CP
98%
1953-1954 Sporting CP
98%
1957-1958 Sporting CP
98%
1961-1962 Sporting CP
98%
1965-1966 Sporting CP
98%
1969-1970 Sporting CP
98%
1973-1974 Sporting CP
98%
1979-1980 Sporting CP
98%
1981-1982 Sporting CP
98%
1999-2000 Sporting CP
98%
2001-2002 Sporting CP
98%
2020-2021 Sporting CP
98%
2023-2024 Sporting CP
98%
2024-2025 Sporting CP
98%
2000-2001 Boavista FC
56%
1945-1946 CF Os Belenenses
29%
Aucun quiz correspondant
Distribution des résultats
% des personnes avec chaque résultat
Percentile par nombre de réponses
Votre historique - résultats
Vous n’avez pas pris ce quiz depuis la dernière actualisation